000 00344pab a2200145 454500
008 180718b1986 xxu||||| |||| 00| 0 eng d
100 _aLinton, Martin
245 _aThe born - again labour voters
260 _c1986
300 _a12-14
362 _a26 Sept.
650 _aPolitical Parties - U.K.
773 _aNew Society
909 _a15343
999 _c15343
_d15343